|
|
|
|
| LEADER |
00608nam a22001811a 4500 |
| 020 |
|
|
|a 978058208489X
|
| 082 |
|
|
|a 973
|b CHR/M
|
| 100 |
|
|
|a Chris Cook
|9 68960
|
| 100 |
|
|
|a David Waller
|9 68961
|
| 245 |
|
|
|a Modern American history 1763-1996/
|c by Chris Cook and David Waller
|
| 260 |
|
|
|a New York:
|b Longman,
|c 1998.
|
| 300 |
|
|
|a 451p.
|
| 650 |
|
|
|a History America
|9 68962
|
| 650 |
|
|
|a History United States
|9 68963
|
| 650 |
|
|
|a History
|9 68964
|
| 942 |
|
|
|c BK
|
| 999 |
|
|
|c 29105
|d 29105
|
| 952 |
|
|
|0 0
|1 0
|4 0
|6 973_000000000000000_CHR_M
|7 0
|9 41906
|a SSUS
|b SSUS
|d 2015-01-08
|g 0.00
|o 973 CHR/M
|p 020212
|r 2015-01-08
|v 0.00
|w 2015-01-08
|y BK
|